000
00229nam a22000857a 4500
008
160704b xxu||||| |||| 00| 0 eng d
100
_9
2070
_a
Mehta, H
245
_a
The Price of Ayodhya
260
_a
New Delhi
_b
National Book Trust
_c
1974
999
_c
1767
_d
1767